000 00444nam a2200157 4500
001 123886
003 ES-MaACL
005 20230906192252.0
007 t|
008 070214s1961 sp r ||||1| baq d
100 1 _aAzkárate, Ramón.
_995283
245 1 0 _aGaltzaundi ta beste bertso asko /
_cRamos Azkarate.
260 _aZarauz :
_b[s.n.],
_c1961 (
_fImp. Icharopena)
300 _a144 p. ;
_c18 cm.
852 _aES-MaACL
_jC-21736
_bR.49716
999 _c123886
_d123886